Statistieken voor Kaart van Noord-Amerika Quiz

Klik hier om de quiz te nemen!

Algemene statistieken

  • Deze quiz is 1.690 keer genomen
  • De gemiddelde score is 16 van 23

Antwoorden op de kaart

Antwoorden kleurgecodeerd door een groen-rode schaal op de quizkaart volgens % correct hieronder.
 

Antwoordstatistieken

Antwoord% Correct
Canada
97%
Mexico
97%
Verenigde Staten
96%
Panama
82%
Cuba
80%
Bahama's
78%
Dominicaanse Republiek
74%
Haïti
74%
Costa Rica
73%
Jamaica
73%
Belize
72%
El Salvador
72%
Guatemala
72%
Nicaragua
70%
Honduras
69%
Trinidad en Tobago
65%
Antigua en Barbuda
49%
Barbados
48%
Grenada
47%
Dominica
45%
Saint Vincent en de Grenadines
44%
Saint Lucia
42%
Saint Kitts en Nevis
41%

Scoreverdeling

Percentiel versus Aantal Correcte Antwoorden

Procent van Mensen met Elke Score

Uw Scoregeschiedenis

U heeft deze quiz nog niet genomen